[Event "II Festival"]
[Site "Siracusa ITA"]
[Date "2007.09.07"]
[Round "7"]
[White "Tibaldeschi, Attilio"]
[Black "Zimmer, Hans Werner"]
[Result "0-1"]
[WhiteElo "1532"]
[BlackElo "2011"]
[PlyCount "90"]
[EventDate "2007.09.02"]

1. Nf3 f5 2. b3 Nf6 3. Bb2 d6 4. d3 g6 5. Nbd2 Bg7 6. e3 O-O 7. Be2 a5 8. h3 e5
9. O-O Na6 10. a3 Nc5 11. Nh2 e4 12. Rc1 Qe7 13. d4 Ne6 14. c3 d5 15. a4 f4 16.
Re1 fxe3 17. fxe3 Bh6 18. Ng4 Nxg4 19. Bxg4 Qh4 20. Nf1 Qf2+ 21. Kh1 Qxb2 22.
Re2 Qa3 23. Rb1 Qe7 24. c4 c6 25. cxd5 cxd5 26. Rc1 Ng5 27. Bxc8 Raxc8 28. Rxc8
Rxc8 29. h4 Nf7 30. g3 Nd6 31. Rg2 Nf5 32. Qe2 Rc1 33. Kh2 Qc7 34. Kh3 Rxf1 35.
Qxf1 Nxe3 36. Qf6 Qc8+ 37. g4 Nxg2 38. Kxg2 Qc2+ 39. Kf1 Qd1+ 40. Kg2 Qxg4+ 41.
Kf2 Qf4+ 42. Qxf4 Bxf4 43. Kg2 Kf7 44. Kf2 Ke6 45. Kg2 Kf5 0-1

[Event "II Festival"]
[Site "Siracusa ITA"]
[Date "2007.09.07"]
[Round "7"]
[White "Timoshenko, Georgy"]
[Black "Russo, Alfio"]
[Result "1-0"]
[WhiteElo "2559"]
[BlackElo "1928"]
[PlyCount "34"]
[EventDate "2007.09.02"]

1. e4 c5 2. Nf3 d6 3. d4 cxd4 4. Nxd4 Nf6 5. Nc3 a6 6. Bg5 e6 7. f4 Be7 8. Qf3
Qc7 9. O-O-O h6 10. Bh4 Nbd7 11. Bg3 b6 12. e5 Bb7 13. Qe2 dxe5 14. fxe5 Nd5
15. Ne4 Nxe5 16. Nf3 Bf6 17. Nxf6+ gxf6 1-0

[Event "II Festival"]
[Site "Siracusa ITA"]
[Date "2007.09.07"]
[Round "7"]
[White "Tumino, Andrea"]
[Black "Di Martino, Giancarlo"]
[Result "1-0"]
[WhiteElo "1637"]
[BlackElo "1724"]
[PlyCount "67"]
[EventDate "2007.09.02"]

1. e4 d6 2. d4 Nf6 3. Nc3 g6 4. Be2 Bg7 5. Be3 c6 6. f4 Qa5 7. Bd2 Qb4 8. Nb5
Qa4 9. b3 Qxb5 10. Bxb5 cxb5 11. Qe2 O-O 12. h3 Nc6 13. Bc3 Nh5 14. Qf2 b4 15.
Bb2 Nf6 16. Qf3 Nd7 17. Ne2 e5 18. Rd1 exd4 19. Bxd4 Nxd4 20. Nxd4 Nc5 21. O-O
b6 22. Nb5 Ba6 23. Nc7 Bxf1 24. Nxa8 Ba6 25. Nc7 Bb7 26. Nd5 Re8 27. e5 dxe5
28. fxe5 Kh8 29. Qxf7 Rd8 30. e6 Bc6 31. e7 Rc8 32. Nc7 Nb7 33. e8=Q+ Bxe8 34.
Nxe8 1-0

[Event "II Festival"]
[Site "Siracusa ITA"]
[Date "2007.09.07"]
[Round "7"]
[White "Valguarnera, Girolamo"]
[Black "Polak, Tomas"]
[Result "1/2-1/2"]
[WhiteElo "2185"]
[BlackElo "2544"]
[PlyCount "50"]
[EventDate "2007.09.02"]

1. e4 c5 2. Nf3 Nc6 3. Nc3 g6 4. g3 Bg7 5. Bg2 e6 6. O-O Nge7 7. d3 d6 8. Be3
Nd4 9. Qd2 O-O 10. Nh4 Rb8 11. Rae1 b5 12. Nd1 b4 13. Bf4 Rb6 14. c3 Ndc6 15.
Nf3 Ra6 16. cxb4 Nxb4 17. a3 Nbc6 18. e5 Nd5 19. Bh6 Nxe5 20. Nxe5 Bxh6 21.
Qxh6 dxe5 22. Rxe5 Qf6 23. Ree1 Rd6 24. Qd2 Rfd8 25. Qa5 Ne7 1/2-1/2

[Event "II Festival"]
[Site "Siracusa ITA"]
[Date "2007.09.08"]
[Round "8"]
[White "Carnemolla, Giampaolo"]
[Black "Corsino, Gianluca"]
[Result "0-1"]
[WhiteElo "1692"]
[BlackElo "2004"]
[PlyCount "144"]
[EventDate "2007.09.02"]

1. e4 c5 2. Nf3 d6 3. d4 cxd4 4. Nxd4 Nf6 5. Nc3 g6 6. Be3 Bg7 7. Be2 O-O 8.
Qd2 Nc6 9. O-O Bd7 10. Rad1 Rc8 11. f3 a6 12. Nxc6 Bxc6 13. Nd5 Nxd5 14. exd5
Ba4 15. b3 Bc3 16. Qc1 Bd7 17. Bh6 Re8 18. Bd3 Qa5 19. h4 Qxa2 20. Qg5 Bf6 21.
Qg3 Qb2 22. h5 Qe5 23. Qxe5 Bxe5 24. hxg6 hxg6 25. Be3 Kg7 26. Kf2 Kf6 27. g4
e6 28. g5+ Kg7 29. dxe6 fxe6 30. Rh1 Rh8 31. Rh6 Be8 32. Rdh1 Bf7 33. Rxh8 Rxh8
34. Rxh8 Kxh8 35. f4 Bc3 36. Bb6 Kg7 37. Ke3 Be8 38. Bd4+ Bxd4+ 39. Kxd4 Kf7
40. b4 b5 41. Be4 Ke7 42. c3 Kd7 43. Bd3 Bf7 44. Be4 Kc7 45. Bd3 Kb6 46. Be4 a5
47. bxa5+ Kxa5 48. Bc2 Kb6 49. Bd3 Ka5 50. Bc2 b4 51. cxb4+ Kxb4 52. Bd3 Be8
53. Bc2 Ka3 54. Bb1 Kb2 55. Be4 Kc1 56. Bb7 Kd2 57. Bc8 Bf7 58. Bb7 Ke2 59. Be4
Kf2 60. Bh1 Be8 61. Bb7 Ba4 62. Be4 Be8 63. Bb7 Ke2 64. Bc8 Bf7 65. Bb7 Kf2 66.
Be4 Kg3 67. Ke3 Be8 68. Bd3 d5 69. Bc2 d4+ 70. Ke4 Bb5 71. Ke5 d3 72. Bb3 d2
0-1

[Event "II Festival"]
[Site "Siracusa ITA"]
[Date "2007.09.08"]
[Round "8"]
[White "Condorelli, Roberto"]
[Black "Rosolia, Giuseppe"]
[Result "0-1"]
[WhiteElo "1575"]
[BlackElo "1930"]
[PlyCount "116"]
[EventDate "2007.09.02"]

1. Nf3 d6 2. c4 Nf6 3. Nc3 g6 4. e4 e5 5. d4 Nbd7 6. dxe5 dxe5 7. Be2 Bg7 8.
O-O O-O 9. Qc2 c6 10. h3 Qc7 11. Be3 Re8 12. Nh2 Nf8 13. Rfe1 Ne6 14. Bf1 Nh5
15. Rad1 Nef4 16. b4 b6 17. a4 Qe7 18. c5 Be6 19. Nf3 Rab8 20. Rd6 bxc5 21.
bxc5 Qf6 22. Qd1 Red8 23. g3 Rxd6 24. cxd6 Bb3 25. Qc1 Ne6 26. Nd2 Nd4 27. Bxd4
exd4 28. e5 Qe6 29. Nce4 Bxe5 30. Qxc6 Bd5 31. Qc7 Rc8 32. Qxa7 Bxd6 33. Qxd4
Be5 34. Qe3 f6 35. Nxf6+ Nxf6 36. Qxe5 Qxe5 37. Rxe5 Rc1 38. a5 Rd1 39. Re2 Nd7
40. f4 Ra1 41. Kf2 Rxa5 42. Bg2 Bf7 43. Nc4 Bxc4 44. Rd2 Ra2 45. Rxa2 Bxa2 46.
g4 Bb1 47. Kg3 Kg7 48. h4 Nf6 49. Bf3 Bd3 50. h5 gxh5 51. gxh5 h6 52. Bd1 Bf5
53. Kh4 Nh7 54. Bf3 Kf6 55. Bc6 Nf8 56. Kg3 Ne6 57. Bf3 Nd4 58. Bd1 Bc2 0-1

[Event "II Festival"]
[Site "Siracusa ITA"]
[Date "2007.09.08"]
[Round "8"]
[White "Conti, Silvano"]
[Black "Tumino, Andrea"]
[Result "1-0"]
[WhiteElo "1652"]
[BlackElo "1637"]
[PlyCount "41"]
[EventDate "2007.09.02"]

1. e4 c5 2. Nf3 d6 3. d4 cxd4 4. Qxd4 Nc6 5. Bb5 Bd7 6. Bxc6 Bxc6 7. Nc3 Nf6 8.
Bg5 e6 9. O-O-O Be7 10. Bxf6 gxf6 11. Qd3 Qc7 12. Kb1 O-O-O 13. Nd4 a6 14. Rhe1
Rd7 15. Re2 Rhd8 16. Nxc6 Qxc6 17. Qh3 Rc7 18. Nd5 Rcd7 19. Nxe7+ Rxe7 20. Rd3
d5 21. Rc3 1-0

[Event "II Festival"]
[Site "Siracusa ITA"]
[Date "2007.09.08"]
[Round "8"]
[White "Di Martino, Giancarlo"]
[Black "Mangiafico, Francesco"]
[Result "1-0"]
[WhiteElo "1724"]
[BlackElo "1392"]
[PlyCount "155"]
[EventDate "2007.09.02"]

1. e4 c5 2. Nf3 d6 3. d4 cxd4 4. Nxd4 Nf6 5. Nc3 a6 6. a4 e6 7. Be2 e5 8. Nf3
Be7 9. O-O O-O 10. b3 Nc6 11. Bb2 Bg4 12. Qd2 Bxf3 13. Bxf3 Nd4 14. Qd3 g6 15.
Ne2 Nxe2+ 16. Bxe2 Kg7 17. Rad1 Rg8 18. Ba3 Ne8 19. Qd5 Qc7 20. Bc4 Rf8 21. Qd3
Rd8 22. Bd5 Nf6 23. c4 b6 24. Bc1 Nh5 25. Qe3 Nf4 26. Qf3 h5 27. Bxf4 exf4 28.
Qxf4 Qd7 29. e5 dxe5 30. Qxe5+ f6 31. Qe6 Qc7 32. Qc6 Bd6 33. Qxc7+ Bxc7 34.
Rfe1 Bd6 35. Re6 Rfe8 36. Rde1 Be5 37. Rxb6 a5 38. Rb7+ Kh6 39. g3 Rb8 40. Rb5
Red8 41. f4 Bd4+ 42. Kg2 Bc3 43. Re7 Bb4 44. Reb7 Rxb7 45. Rxb7 Re8 46. Rxb4
axb4 47. Kf2 g5 48. a5 Re7 49. a6 Kg7 50. Bb7 Rd7 51. a7 Rd2+ 52. Ke3 Ra2 53.
a8=Q Rxa8 54. Bxa8 Kf7 55. fxg5 fxg5 56. c5 Ke7 57. Ke4 Ke6 58. c6 Kd6 59. Kd4
Kc7 60. Kc5 h4 61. gxh4 gxh4 62. h3 Kb8 63. Kb6 Kxa8 64. Kc7 Ka7 65. Kd7 Kb6
66. c7 Kc5 67. c8=Q+ Kd4 68. Ke6 Ke3 69. Ke5 Kf3 70. Qg4+ Ke3 71. Qf4+ Kd3 72.
Qf3+ Kc2 73. Kd4 Kb2 74. Kc4 Ka3 75. Kb5 Kb2 76. Kxb4 Kc2 77. Qe2+ Kb1 78. Kc3
1-0

[Event "II Festival"]
[Site "Siracusa ITA"]
[Date "2007.09.08"]
[Round "8"]
[White "Fernandez, Gianluca"]
[Black "Nobile, Stefano"]
[Result "1-0"]
[WhiteElo "1502"]
[BlackElo "1713"]
[PlyCount "117"]
[EventDate "2007.09.02"]

1. d4 Nf6 2. Bf4 e6 3. Nf3 b6 4. h3 Bb7 5. e3 d6 6. Nbd2 Be7 7. c4 O-O 8. Be2
Nbd7 9. O-O Re8 10. Rc1 Bf8 11. Qc2 e5 12. dxe5 Nxe5 13. Nxe5 dxe5 14. Bg5 c5
15. Rfd1 Bd6 16. Qf5 Re6 17. Bf3 Bxf3 18. Qxf3 h6 19. Bh4 g5 20. Bg3 e4 21. Qe2
Qc7 22. Bxd6 Rxd6 23. Nf1 Rad8 24. Rxd6 Qxd6 25. Rc2 Qd3 26. Rd2 Qxe2 27. Rxe2
Rd1 28. Rd2 Ra1 29. b3 Kf8 30. f3 Nh5 31. Kf2 exf3 32. gxf3 f5 33. Ng3 Ng7 34.
e4 f4 35. Ne2 Ke7 36. Nc3 Ke6 37. Nb5 a5 38. Nc7+ Ke5 39. Na8 Nh5 40. Nxb6 Ng3
41. Nd7+ Ke6 42. Nxc5+ Ke7 43. Na6 Nf1 44. Rb2 Ne3 45. Ke2 Rh1 46. Rd2 Rxh3 47.
c5 Rh2+ 48. Kd3 Rh3 49. c6 Kd8 50. c7+ Kc8 51. Kc3 Nd5+ 52. Rxd5 Rxf3+ 53. Rd3
Rxd3+ 54. Kxd3 g4 55. e5 g3 56. Ke2 h5 57. e6 g2 58. Kf2 f3 59. e7 1-0

[Event "II Festival"]
[Site "Siracusa ITA"]
[Date "2007.09.08"]
[Round "8"]
[White "Ferrigno, Vincenzo"]
[Black "Parla, Aldo"]
[Result "1-0"]
[WhiteElo "1754"]
[BlackElo "1562"]
[PlyCount "67"]
[EventDate "2007.09.02"]

1. e4 d6 2. d4 Nf6 3. Nd2 e5 4. c3 Be7 5. Ngf3 O-O 6. Bd3 Bg4 7. h3 Bxf3 8.
Nxf3 Nbd7 9. g4 h6 10. g5 hxg5 11. Nxg5 Nh7 12. h4 Nxg5 13. hxg5 g6 14. Qg4 Kg7
15. f4 Rh8 16. Rxh8 Qxh8 17. Qxd7 Qh1+ 18. Kd2 Qg2+ 19. Kd1 Rh8 20. Be2 Rh1+
21. Kd2 Qxe4 22. dxe5 Rh2 23. Qb5 Qxf4+ 24. Kc2 Qe4+ 25. Kd1 Rh1+ 26. Bf1 Qf3+
27. Ke1 Qg3+ 28. Kd1 Qf3+ 29. Ke1 Qg3+ 30. Kd2 Qf2+ 31. Be2 Bxg5+ 32. Kc2 Qf5+
33. Qd3 Qxe5 34. Bf4 1-0

[Event "II Festival"]
[Site "Siracusa ITA"]
[Date "2007.09.08"]
[Round "8"]
[White "Lo Bosco, Salvatore"]
[Black "Cappello, Antonino"]
[Result "1-0"]
[WhiteElo "1822"]
[BlackElo "1613"]
[PlyCount "91"]
[EventDate "2007.09.02"]

1. Nf3 g6 2. g3 Bg7 3. Bg2 d6 4. O-O Nd7 5. d3 h6 6. e4 e6 7. Nbd2 b6 8. Re1
Bb7 9. Nf1 Ne7 10. c3 a6 11. d4 c5 12. a3 Qc7 13. Rb1 Nf6 14. N1d2 cxd4 15.
cxd4 Rc8 16. b4 O-O 17. Bb2 d5 18. Ne5 dxe4 19. Nxe4 Ned5 20. Rc1 Qe7 21. Nxf6+
Nxf6 22. Nf3 Nd5 23. Qb3 b5 24. Nd2 Rxc1 25. Rxc1 Qd7 26. Ne4 Ba8 27. Nc5 Qa7
28. a4 Bc6 29. a5 Rd8 30. Nxe6 Rd6 31. Nxg7 Kxg7 32. Rxc6 Rxc6 33. Qxd5 Re6 34.
Bc3 Qe7 35. Qc5 Qxc5 36. dxc5+ Kf8 37. c6 Re8 38. c7 Rc8 39. Be5 f6 40. Bd6+
Kf7 41. Bb7 Ke6 42. Bxc8+ Kxd6 43. Bxa6 Kxc7 44. Bxb5 Kb7 45. f4 Ka7 46. Kf2
1-0

[Event "II Festival"]
[Site "Siracusa ITA"]
[Date "2007.09.08"]
[Round "8"]
[White "Mica, Francesco"]
[Black "Minniti, Cristiano"]
[Result "0-1"]
[WhiteElo "1437"]
[BlackElo "1548"]
[PlyCount "34"]
[EventDate "2007.09.02"]

1. e4 d5 2. exd5 Nf6 3. Bc4 Nxd5 4. Bxd5 Qxd5 5. Nf3 Bg4 6. Nc3 Qh5 7. d3 Nc6
8. h3 Nd4 9. Kf1 Nxf3 10. gxf3 Bxf3 11. Qd2 Bxh1 12. Qf4 O-O-O 13. Be3 Qxh3+
14. Ke1 Qf3 15. Qc4 Qf6 16. Bxa7 Qe6+ 17. Kd2 Qxc4 0-1

[Event "II Festival"]
[Site "Siracusa ITA"]
[Date "2007.09.08"]
[Round "8"]
[White "Minniti, Giuseppe"]
[Black "Rizza, Francesco"]
[Result "0-1"]
[WhiteElo "1827"]
[BlackElo "1653"]
[PlyCount "34"]
[EventDate "2007.09.02"]

1. d4 d5 2. Nf3 Nf6 3. e3 Bg4 4. Nbd2 e6 5. Bd3 c5 6. c3 Nbd7 7. O-O Bd6 8. e4
cxd4 9. cxd4 dxe4 10. Nxe4 Nxe4 11. Bxe4 Qb6 12. Qd3 f5 13. Re1 fxe4 14. Qxe4
Nf6 15. Qd3 O-O 16. Ng5 h6 17. Nxe6 Bxe6 0-1

[Event "II Festival"]
[Site "Siracusa ITA"]
[Date "2007.09.08"]
[Round "8"]
[White "Monica, Vincenzo"]
[Black "Attardi, Giovanni"]
[Result "1-0"]
[WhiteElo "1514"]
[BlackElo "1425"]
[PlyCount "81"]
[EventDate "2007.09.02"]

1. e4 e5 2. Nf3 Nc6 3. Bc4 d6 4. Nc3 Bg4 5. d3 Qd7 6. h3 Bh5 7. g4 Bg6 8. Nh4
O-O-O 9. f4 exf4 10. Bxf4 Re8 11. Nxg6 hxg6 12. Qf3 f5 13. O-O-O Nf6 14. Rhg1
Ne5 15. Bxe5 dxe5 16. gxf5 gxf5 17. exf5 Bd6 18. Be6 Rxe6 19. fxe6 Qxe6 20.
Rxg7 Rxh3 21. Qg2 a6 22. Rg6 Rh8 23. Ne4 Be7 24. Nxf6 Rf8 25. Nd5 Qd7 26. Rg8
Rxg8 27. Qxg8+ Bd8 28. Nf6 Qe7 29. Rf1 b6 30. Nd5 Qd6 31. Rf7 Kb7 32. Qg2 Ka7
33. Nc3 Kb8 34. Ne4 Qe6 35. Rf8 Qe7 36. Rg8 Ka7 37. Nc3 Qd6 38. Kb1 Qe7 39. Qc6
Qh4 40. a3 Qe7 41. Nd5 1-0

[Event "II Festival"]
[Site "Siracusa ITA"]
[Date "2007.09.08"]
[Round "8"]
[White "Norrito, Salvatore"]
[Black "Tibaldeschi, Attilio"]
[Result "1-0"]
[WhiteElo "1812"]
[BlackElo "1532"]
[PlyCount "31"]
[EventDate "2007.09.02"]

1. e4 e5 2. d4 exd4 3. c3 dxc3 4. Bc4 d6 5. Nf3 Be7 6. Qb3 Nh6 7. Bxh6 gxh6 8.
Bxf7+ Kf8 9. Bh5 d5 10. Nxc3 c6 11. O-O-O Bg5+ 12. Kb1 Qe7 13. exd5 Bf5+ 14.
Ka1 Kg7 15. Rhe1 Qd7 16. dxc6 1-0

[Event "II Festival"]
[Site "Siracusa ITA"]
[Date "2007.09.08"]
[Round "8"]
[White "Olivieri, Lucio"]
[Black "Salvaggio, Salvatore"]
[Result "1/2-1/2"]
[WhiteElo "1659"]
[BlackElo "1766"]
[PlyCount "68"]
[EventDate "2007.09.02"]

1. d4 Nf6 2. Bg5 g6 3. Nc3 Bg7 4. e4 d6 5. Qd2 h6 6. Bh4 O-O 7. f4 c5 8. d5
Nbd7 9. Nf3 a6 10. a4 Qc7 11. Bd3 Rb8 12. Qe2 Re8 13. O-O Qb6 14. a5 Qc7 15. e5
Nh7 16. e6 Ndf6 17. exf7+ Kxf7 18. Ne5+ dxe5 19. fxe5 Bg4 20. Qxg4 Qxe5 21.
Qxg6+ Kg8 22. Bxf6 Nxf6 23. Rxf6 exf6 24. Qh7+ Kf7 25. Ne4 Qd4+ 26. Kh1 Qxb2
27. Rf1 Rxe4 28. Bxe4 Qe5 29. Qf5 Re8 30. Qxe5 Rxe5 31. Bf3 Ke7 32. c4 f5 33.
Rb1 Kf6 34. h3 34... Re7 {...} 1/2-1/2

[Event "II Festival"]
[Site "Siracusa ITA"]
[Date "2007.09.08"]
[Round "8"]
[White "Polak, Tomas"]
[Black "Alaimo, Riccardo"]
[Result "1-0"]
[WhiteElo "2544"]
[BlackElo "2191"]
[PlyCount "93"]
[EventDate "2007.09.02"]

1. d4 d5 2. c4 c6 3. Nc3 Nf6 4. e3 e6 5. Nf3 Nbd7 6. Qc2 Bd6 7. b3 O-O 8. Be2
Re8 9. O-O Qe7 10. Bb2 dxc4 11. Bxc4 e5 12. Ng5 Rf8 13. f4 exd4 14. exd4 h6 15.
Rae1 Qd8 16. Nge4 Be7 17. d5 cxd5 18. Nxd5 Nxd5 19. Bxd5 Nf6 20. Bxf6 Bxf6 21.
Nxf6+ Qxf6 22. Re5 Bd7 23. Qe4 Rab8 24. Re7 Rbe8 25. Bxf7+ Rxf7 26. Rxe8+ Bxe8
27. Qxe8+ Rf8 28. Qe3 b6 29. h3 Qf5 30. Kh2 g5 31. g3 h5 32. Rg1 g4 33. h4 Rd8
34. Re1 Qd5 35. Re2 Qf7 36. Qe4 Rc8 37. Qe5 Rc5 38. Qe4 Rc8 39. Kg2 Rc3 40. Rd2
Rc8 41. Rd5 Rc2+ 42. Kf1 Rc1+ 43. Ke2 Rc7 44. Rd8+ Kg7 45. Qe5+ Kg6 46. f5+
Qxf5 47. Rd6+ 1-0

[Event "II Festival"]
[Site "Siracusa ITA"]
[Date "2007.09.08"]
[Round "8"]
[White "Russo, Alfio"]
[Black "Agnello, Giuseppe"]
[Result "1-0"]
[WhiteElo "1928"]
[BlackElo "2136"]
[PlyCount "54"]
[EventDate "2007.09.02"]

1. d4 Nf6 2. c4 g6 3. Nc3 Bg7 4. e4 O-O 5. Nf3 d6 6. Be2 e5 7. O-O Nc6 8. d5
Ne7 9. Nd2 Nd7 10. b4 f5 11. c5 dxc5 12. bxc5 Nxc5 13. f3 c6 14. Ba3 b6 15.
Bxc5 bxc5 16. Bc4 cxd5 17. Nxd5 Be6 18. Nb3 Rc8 19. Rc1 Kh8 20. Qd2 fxe4 21.
fxe4 Nxd5 22. exd5 Rxf1+ 23. Rxf1 Bf5 24. d6 Rc6 25. Rd1 Qd7 26. Bb5 Bg4 27.
Bxc6 Qxc6 1-0

[Event "II Festival"]
[Site "Siracusa ITA"]
[Date "2007.09.08"]
[Round "8"]
[White "Seminara, Antonio"]
[Black "Cultrera, Salvatore"]
[Result "1-0"]
[WhiteElo "1980"]
[BlackElo "1681"]
[PlyCount "73"]
[EventDate "2007.09.02"]

1. d4 d5 2. c4 dxc4 3. Nf3 Nf6 4. Nc3 c6 5. a4 Qc7 6. e4 Bg4 7. Bxc4 e6 8. O-O
Bb4 9. Qc2 Bh5 10. Ne2 Bg6 11. Bd3 Nbd7 12. Bf4 Qb6 13. Rfb1 Nh5 14. a5 Qd8 15.
Bg5 f6 16. Be3 Bd6 17. g4 Qc7 18. e5 Bxd3 19. Qxd3 fxe5 20. gxh5 Rf8 21. dxe5
Bxe5 22. Qe4 O-O-O 23. Nxe5 Nxe5 24. f4 Nd7 25. Bxa7 e5 26. f5 Rf6 27. b4 g6
28. hxg6 hxg6 29. fxg6 Rg8 30. b5 Rfxg6+ 31. Kh1 Rg4 32. Qf5 R4g5 33. Qe4 Rg4
34. Rg1 Rxg1+ 35. Bxg1 cxb5 36. Rc1 Nc5 37. Bxc5 1-0

[Event "II Festival"]
[Site "Siracusa ITA"]
[Date "2007.09.08"]
[Round "8"]
[White "Timoshenko, Georgy"]
[Black "Rettore, Ludwig"]
[Result "1-0"]
[WhiteElo "2559"]
[BlackElo "2182"]
[PlyCount "44"]
[EventDate "2007.09.02"]

1. e4 c5 2. Nf3 d6 3. d4 cxd4 4. Nxd4 Nf6 5. Nc3 a6 6. Bg5 e6 7. f4 Qb6 8. Qd2
Qxb2 9. Rb1 Qa3 10. f5 Qc5 11. fxe6 fxe6 12. Bxf6 gxf6 13. Na4 Qe5 14. Nb6
Qxe4+ 15. Be2 e5 16. O-O Qxd4+ 17. Qxd4 exd4 18. Nxa8 Nd7 19. Nc7+ Kd8 20. Ne6+
Ke7 21. Nxd4 Ne5 22. a4 Bh6 1-0

[Event "II Festival"]
[Site "Siracusa ITA"]
[Date "2007.09.08"]
[Round "8"]
[White "Tondo, Salvatore"]
[Black "Arrabito, Gianfranco"]
[Result "1-0"]
[WhiteElo "1915"]
[BlackElo "1968"]
[PlyCount "73"]
[EventDate "2007.09.02"]

1. e4 e5 2. Nf3 Nf6 3. Nc3 d6 4. d4 exd4 5. Nxd4 Be7 6. Bc4 O-O 7. f3 Re8 8.
Be3 c6 9. Bb3 Bf8 10. Qd2 b5 11. O-O-O a6 12. Nde2 Nbd7 13. Bg5 a5 14. a4 b4
15. Nb1 Nc5 16. Nd4 Nxb3+ 17. cxb3 Be6 18. Nxe6 fxe6 19. Qe3 Qc7 20. Nd2 d5 21.
Kb1 Rad8 22. e5 Nd7 23. Bxd8 Rxd8 24. f4 c5 25. Rc1 Nb6 26. Qh3 Qd7 27. Rhd1
Kh8 28. Ne4 Nxa4 29. Ng5 h6 30. Nxe6 Nb6 31. Nxf8 Qxh3 32. Ng6+ Kh7 33. gxh3
Kxg6 34. Rxc5 Kf5 35. Rc6 Nc8 36. Rd4 g5 37. Rf6# 1-0

[Event "II Festival"]
[Site "Siracusa ITA"]
[Date "2007.09.08"]
[Round "8"]
[White "Valenti, Giuseppe"]
[Black "Valguarnera, Girolamo"]
[Result "0-1"]
[WhiteElo "2221"]
[BlackElo "2185"]
[PlyCount "100"]
[EventDate "2007.09.02"]

1. e4 d6 2. d4 Nf6 3. Nc3 g6 4. Nf3 Bg7 5. Be2 O-O 6. O-O Nbd7 7. Re1 c6 8. h3
Qc7 9. Bf1 e5 10. Be3 b5 11. a3 Nb6 12. b3 Bb7 13. Qd2 Rad8 14. Bg5 Rd7 15.
Rad1 Re8 16. dxe5 dxe5 17. Qe3 Red8 18. Nh2 Rxd1 19. Rxd1 Rxd1 20. Nxd1 Qd6 21.
Be2 Qd4 22. Qxd4 exd4 23. f3 a6 24. Nf1 Nfd7 25. Nd2 Bf8 26. Nb1 f6 27. Bd2 Ne5
28. f4 Nf7 29. Ba5 Nd7 30. Bf3 Bd6 31. Bd2 Nd8 32. Nf2 c5 33. Be2 Ne6 34. g3 g5
35. f5 Nc7 36. Kg2 Ne5 37. Ba5 c4 38. Nd2 b4 39. axb4 d3 40. cxd3 c3 41. Bxc7
c2 42. Bxd6 c1=Q 43. Nc4 Nc6 44. Bc5 Qe1 45. Bh5 Nxb4 46. Nd6 Bc6 47. Bf7+ Kg7
48. Bc4 Nc2 49. Bxa6 Qa5 50. Bc4 Qxc5 0-1

[Event "II Festival"]
[Site "Siracusa ITA"]
[Date "2007.09.08"]
[Round "8"]
[White "Zimmer, Hans Werner"]
[Black "Grandinetti, Pietro"]
[Result "1/2-1/2"]
[WhiteElo "2011"]
[BlackElo "1726"]
[PlyCount "97"]
[EventDate "2007.09.02"]

1. e4 e5 2. f4 d5 3. exd5 e4 4. d3 Nf6 5. dxe4 Nxe4 6. Nf3 Bc5 7. Qe2 Qe7 8.
Nc3 Bf5 9. Be3 Bxe3 10. Qxe3 O-O 11. O-O-O Nd7 12. Nd4 g6 13. g4 Bxg4 14. Qxe4
Qxe4 15. Nxe4 Bxd1 16. Kxd1 Rfe8 17. Bg2 Rad8 18. Re1 Kg7 19. Nb5 Nb6 20. Nec3
Rxe1+ 21. Kxe1 a6 22. Nxc7 Nc4 23. d6 Nxd6 24. b3 h6 25. N3d5 Nb5 26. c4 Nd4
27. Kd2 Ne6 28. Kc3 a5 29. Nxe6+ fxe6 30. Nb6 Rf8 31. Bxb7 Rb8 32. Be4 Rxb6 33.
c5 Rb8 34. c6 Kf6 35. a3 g5 36. fxg5+ hxg5 37. b4 axb4+ 38. axb4 Ke5 39. Bf3
Kd6 40. Kc4 Rh8 41. Kb5 Kc7 42. Bg4 e5 43. h3 Kd6 44. Bd7 Rb8+ 45. Kc4 e4 46.
b5 e3 47. Kd3 Rxb5 48. Kxe3 Rb3+ 49. Ke4 1/2-1/2

[Event "II Festival"]
[Site "Siracusa ITA"]
[Date "2007.09.09"]
[Round "9"]
[White "Agnello, Giuseppe"]
[Black "Tondo, Salvatore"]
[Result "1-0"]
[WhiteElo "2136"]
[BlackElo "1915"]
[PlyCount "59"]
[EventDate "2007.09.02"]

1. e4 c6 2. d4 g6 3. Nc3 d5 4. Nf3 Bg7 5. h3 dxe4 6. Nxe4 Nd7 7. Bc4 Nh6 8. g4
Nb6 9. Bb3 Nd5 10. c4 Nb6 11. Be3 f6 12. Qd2 Nf7 13. O-O-O Be6 14. d5 cxd5 15.
cxd5 Qc7+ 16. Kb1 Rd8 17. Bxb6 Qxb6 18. dxe6 Rxd2 19. exf7+ Kd7 20. Rxd2+ Kc7
21. Rc1+ Kb8 22. Nc5 Ka8 23. Nd7 Bh6 24. f8=Q+ Rxf8 25. Nxf8 a5 26. Rc8+ Ka7
27. Nd7 Qb4 28. Rd4 Qb5 29. Bc4 Qa4 30. Ra8+ 1-0

[Event "II Festival"]
[Site "Siracusa ITA"]
[Date "2007.09.09"]
[Round "9"]
[White "Alaimo, Riccardo"]
[Black "Conti, Silvano"]
[Result "1-0"]
[WhiteElo "2191"]
[BlackElo "1652"]
[PlyCount "57"]
[EventDate "2007.09.02"]

1. e4 e6 2. d4 d5 3. Nc3 Nf6 4. Bg5 Be7 5. e5 Nfd7 6. h4 Bxg5 7. hxg5 Qxg5 8.
Qd3 Nc6 9. Nf3 Qe7 10. Rxh7 Rg8 11. O-O-O Nb6 12. Qe3 Bd7 13. Ng5 O-O-O 14. f4
f6 15. exf6 Qxf6 16. Be2 Rdf8 17. g3 Nd8 18. b3 Nf7 19. Nxf7 Qxf7 20. Rh5 Qg6
21. Bd3 Qf6 22. Rg5 Rf7 23. Rg6 Qe7 24. Kb2 Kb8 25. Qe5 Qf8 26. f5 Na4+ 27.
Nxa4 Bxa4 28. fxe6 Bxb3 29. exf7 1-0

[Event "II Festival"]
[Site "Siracusa ITA"]
[Date "2007.09.09"]
[Round "9"]
[White "Attardi, Giovanni"]
[Black "Mangiafico, Francesco"]
[Result "1-0"]
[WhiteElo "1425"]
[BlackElo "1392"]
[PlyCount "101"]
[EventDate "2007.09.02"]

1. e4 c5 2. Nf3 d6 3. d4 cxd4 4. Nxd4 a6 5. Nc3 Nf6 6. Be2 e6 7. Bg5 Be7 8. O-O
O-O 9. Bf3 Nc6 10. Re1 Nxd4 11. Qxd4 e5 12. Qd1 h6 13. Bh4 g5 14. Bg3 g4 15.
Be2 h5 16. f3 Qd7 17. Nd5 Nxd5 18. exd5 f5 19. fxg4 fxg4 20. Rf1 Bf6 21. Qd3
Qg7 22. Be1 h4 23. g3 h3 24. Qe4 b5 25. Bb4 Rd8 26. Rf2 a5 27. Bd2 b4 28. c3
Rb8 29. cxb4 axb4 30. b3 Rd7 31. Bxb4 Rdb7 32. Bxd6 Rb6 33. Bxb8 Rxb8 34. Raf1
Rb6 35. Bc4 Rd6 36. a4 Bd8 37. Rf8+ Qxf8 38. Rxf8+ Kxf8 39. Qxe5 Bb6+ 40. Kf1
Bc7 41. Qh8+ Kf7 42. Qxc8 Rf6+ 43. Ke2 Bxg3 44. d6+ Kg6 45. Qxg4+ Kh6 46. Qxh3+
Kg7 47. Qxg3+ Rg6 48. Qe5+ Kh6 49. d7 Rg2+ 50. Kf1 Rd2 51. Qe3+ 1-0

[Event "II Festival"]
[Site "Siracusa ITA"]
[Date "2007.09.09"]
[Round "9"]
[White "Bottino, Alexiei"]
[Black "Olivieri, Lucio"]
[Result "1-0"]
[WhiteElo "2030"]
[BlackElo "1659"]
[PlyCount "75"]
[EventDate "2007.09.02"]

1. e4 c5 2. c3 Nf6 3. e5 Nd5 4. d4 cxd4 5. Nf3 e6 6. cxd4 d6 7. Bc4 Be7 8. O-O
O-O 9. Nc3 Nxc3 10. bxc3 Nc6 11. exd6 Bxd6 12. Ng5 h6 13. Ne4 Bxh2+ 14. Kxh2
Qh4+ 15. Kg1 Qxe4 16. Re1 Qh4 17. Bd3 f5 18. Bc4 Rf6 19. Re3 Rg6 20. Qe2 Qf6
21. Bd2 Bd7 22. Re1 f4 23. Rf3 Qg5 24. Rg3 Qf6 25. Rxg6 Qxg6 26. Bxf4 Rf8 27.
Bg3 Rf6 28. Qe3 a6 29. Bh4 Rf8 30. Bxe6+ Bxe6 31. Qxe6+ Qxe6 32. Rxe6 Na5 33.
d5 Rc8 34. d6 Nc6 35. d7 Rf8 36. Rxc6 bxc6 37. d8=Q Rxd8 38. Bxd8 1-0

[Event "II Festival"]
[Site "Siracusa ITA"]
[Date "2007.09.09"]
[Round "9"]
[White "Cappello, Antonino"]
[Black "Mica, Francesco"]
[Result "0-1"]
[WhiteElo "1613"]
[BlackElo "1437"]
[PlyCount "78"]
[EventDate "2007.09.02"]

1. d4 d5 2. c4 Nf6 3. Nc3 Bf5 4. cxd5 Nxd5 5. Qa4+ Nc6 6. e3 e6 7. a3 a6 8. Nf3
b5 9. Qd1 b4 10. Nxd5 Qxd5 11. Be2 b3 12. O-O Be7 13. Bd3 Bg4 14. e4 Qh5 15.
Be2 Rd8 16. Be3 O-O 17. Qxb3 Qg6 18. Rfe1 Qxe4 19. Bd3 Qd5 20. Qc2 Qh5 21. Qxc6
Bd6 22. g3 Bxf3 23. Be4 Be2 24. Bg2 f5 25. Qc2 Bf3 26. Qc4 Rf6 27. d5 exd5 28.
Qd4 c5 29. Qd2 Rdf8 30. Bf4 Bxg2 31. Kxg2 Bxf4 32. Qxd5+ Kh8 33. gxf4 Qg4+ 34.
Kh1 Qxf4 35. Qxc5 Qf3+ 36. Kg1 Rg6+ 37. Kf1 Qd3+ 38. Re2 Re8 39. Rae1 Qh3# 0-1